| 000 | 02197cam a2200529 i 4500 | ||
|---|---|---|---|
| 999 |
_c5612 _d5612 |
||
| 001 | 8019755 | ||
| 003 | CaAEU | ||
| 005 | 20220707120335.0 | ||
| 006 | m o d | ||
| 007 | cr nn|008mamaa | ||
| 008 | 121227s1987 gw a o 000 0 eng | ||
| 020 |
_a9783642712326 _q(electronic bk.) |
||
| 020 |
_a3642712320 _q(electronic bk.) |
||
| 020 |
_a9783540165750 _q(print) |
||
| 020 |
_a3540165754 _q(print) |
||
| 020 | _z0387165754 | ||
| 020 | _z9780387165752 | ||
| 024 | 7 |
_a10.1007/978-3-642-71232-6 _2doi |
|
| 035 | _aocn858930199 | ||
| 039 | _aexclude | ||
| 040 |
_aNz _beng _epn _cALUPE UNIVERSITY _dOCLCO _dGW5XE _dOCLCF _dUA@ _dCOO _dOCLCQ _dEBLCP _dOCLCQ _dYDX _dAEU |
||
| 050 | 4 |
_aRD78.3 _b.P48 1987 |
|
| 072 | 7 |
_aMMB _2bicssc |
|
| 072 | 7 |
_aMED006000 _2bisacsh |
|
| 082 | 0 | 4 |
_a617.96 _223 |
| 090 |
_aInternet Access _bAEU |
||
| 100 | 1 | _aPeter, Klaus. | |
| 245 | 1 | 0 |
_aInhalation Anesthetics : _bNew Aspects 2nd International Symposium / _cedited by Klaus Peter, Burnell R. Brown, Eike Martin, Olof Norlander. |
| 260 |
_aBerlin, Heidelberg : _bSpringer Berlin Heidelberg, _cc1987. |
||
| 300 |
_axiii,275p. _b1 online resource (179 illustrations) _c24cm. |
||
| 336 |
_atext _btxt _2rdacontent |
||
| 337 |
_acomputer _bc _2rdamedia |
||
| 338 |
_aonline resource _bcr _2rdacarrier |
||
| 490 | 0 |
_aAnaesthesiologie und Intensivmedizin Anaesthesiology and Intensive Care Medicine, vormal "Anaesthesiologie und Wiederbelebung"begründet von R. Frey, F. Kern und O. Mayhofer, _x0171-1814 ; _v185 |
|
| 500 | _aIncudes index | ||
| 506 | _aAccess restricted to authorized users and institutions. | ||
| 650 | 0 | _aMedicine. | |
| 650 | 0 | _aAnesthesiology. | |
| 650 | 0 | _aCritical care medicine. | |
| 700 | 1 | _aBrown, Burnell R. | |
| 700 | 1 | _aMartin, Eike. | |
| 700 | 1 | _aNorlander, Olof. | |
| 830 | 0 |
_aAnaesthesiologie und Intensivmedizin Anaesthesiology and Intensive Care Medicine, vormal "Anaesthesiologie und Wiederbelebung"begründet von R. Frey, F. Kern und O. Mayhofer ; _v185. _x0171-1814 |
|
| 856 | 4 | 0 |
_3University of Alberta Access _uhttp://link.springer.com/10.1007/978-3-642-71232-6 _z(Unlimited Concurrent Users) _zfrom Springer |
| 942 |
_2lcc _cBK _nAB |
||
| 949 |
_hUAIN _zSPRINGER |
||